000 00684nam a2200217Ia 4500
003 GCL
005 20240530102256.0
008 140319s9999 xx 000 0 ara d
040 _aGCL /
_cGCL
082 0 4 _a962.054
_bق/ع ص
100 1 _aعبدالعظيم رمضان
245 1 0 _aالصراع بين الوفد والعرش 1936 - 1939/
_cعبدالعظيم رمضان
260 _aالقاهرة :
_bمكتبة مدبولى ،
_c1985
300 _a328 ص ؛
_c24 سم
650 0 4 _aالعصر الحديث
650 0 4 _aمصر
650 0 4 _aتاريخ
650 0 4 _aالاحوال السياسية
650 0 4 _aالاحتلال البريطانى
942 _2ddc
_cBK
999 _c31076
_d31076